000 00714nam a22002297a 4500
003 UA-OsUOA
001 39235
007 ta
008 20060613b un ||||| |||| 00| 0 ukr d
100 _aПівторак Г.П.
090 _a81/28(091)
_bП36
942 _cBK
040 _aUA-OsUOA
_bukr
_cUA-OsUOA
_dUA-OsUOA
245 _aФормуваня і діалектна диференціація давньоруської мови
300 _a278 с.
955 _a2
041 _aukr
080 _a81/28(091)
260 _aК.
_bНаукова думка
_c1988
650 7 _a8 Мовознавство. Художня література. Літературознавство
_2UDC
999 _c325383
_d325383